Visión de Chile. (1920-1970).
Uloženo v:
| Hlavní autor: | |
|---|---|
| Další autoři: | , , , , , , , |
| Médium: | Kniha |
| Jazyk: | španělština |
| Vydáno: |
Santiago, Chile:
Ediciones Cinde,
1980.
|
| Vydání: | Primera edición. |
| Edice: | Biblioteca Ediciones CINDE,
1. |
| Témata: | |
| Tagy: |
Přidat tag
Žádné tagy, Buďte první, kdo vytvoří štítek k tomuto záznamu!
|
MARC
| LEADER | 00000nam a2200000 a 4500 | ||
|---|---|---|---|
| 001 | UCP5952 | ||
| 003 | CL-VaPUC | ||
| 005 | 20241004132353.0 | ||
| 008 | 991001e19800000CL |||||||||||||||||spa|d | ||
| 999 | |c 283589 |d 283587 | ||
| 040 | |c Pontificia Universidad Católica de Valparaíso | ||
| 082 | 0 | 4 | |a 306.0983 CUM 1980 |2 21 |
| 100 | 0 | |a Cumplido, Francisco |e autor |9 434641 | |
| 245 | 1 | 0 | |a Visión de Chile. |b (1920-1970). |
| 250 | |a Primera edición. | ||
| 260 | |a Santiago, Chile: |b Ediciones Cinde, |c 1980. | ||
| 300 | |a xii, 99 páginas. | ||
| 490 | 0 | |a Biblioteca Ediciones CINDE, |v 1. | |
| 500 | |a c.3 Donación Familia Prof. Alejandro Guzmán Brito. | ||
| 583 | |a last modification |c 19991001 00:00:00 |k Rodrigo Vera | ||
| 650 | 0 | |a Historia social |z Chile |9 313638 | |
| 650 | 0 | |a Historia política |z Chile |9 256974 | |
| 650 | 0 | |a Historia económica |z Chile |9 307218 | |
| 650 | 7 | |a HISTORIA DE CHILE |2 CL-VaPUC |9 434648 | |
| 651 | |a Chile |x Historia |y 1920-1970 |9 867143 | ||
| 700 | 0 | |a Edwards, Jorge |e autor |9 371556 | |
| 700 | |a Jobet, Julio César |e autor |d 1912-1980 |9 564850 | ||
| 700 | |a Orrego Vicuña, Claudio |e autor |9 401892 | ||
| 700 | |a Ovalle Quiroz, Jorge |e autor |9 434644 | ||
| 700 | 0 | |a Sunkel, Osvaldo |e autor |9 434645 | |
| 700 | 0 | |a Tomassini Olivares, Luciano |e autor |9 434646 | |
| 700 | 0 | |a Villalobos Rivera, Sergio |e autor |9 434647 | |
| 700 | |a Martínez Sotomayor, Carlos |e presentación |9 452100 | ||
| 852 | |a BIBCUR | ||
| 942 | |c BK |2 ddc |n 0 | ||
| 945 | |d 19991001 00:00:00 |a crobeson | ||
| 952 | |0 0 |1 0 |2 ddc |4 0 |6 306_098300000000000_CUM_1980 |7 0 |8 A |9 326859 |a BIBHIS |b BIBHIS |d 2019-11-20 |i 1358367 |o 306.0983 CUM 1980 |p 1358367 |r 2025-01-20 |t 1 |w 2019-11-20 |y BK |k HIS | ||
| 952 | |0 0 |1 0 |2 ddc |4 0 |6 306_098300000000000_CUM_1980 |7 0 |8 A |9 326860 |a BIBHIS |b BIBHIS |d 2019-11-20 |i 1208330 |o 306.0983 CUM 1980 |p 1208330 |r 2025-01-20 |t 2 |w 2019-11-20 |y BK |k HIS | ||